Вып. 133; Библиотековедение и библиография за рубежом

書誌詳細
Parent link:Библиотековедение и библиография за рубежом: сборник/ Государственная библиотека СССР им. В.И. Ленина. Вып. 133.— , 1958-1994
団体著者: Российская государственная библиотека (РГБ)
言語:ロシア語
出版事項: 1993
主題:
フォーマット: 図書
KOHA link:https://koha.lib.tpu.ru/cgi-bin/koha/opac-detail.pl?biblionumber=36986

MARC

LEADER 00000nam2a2200000 4500
001 36986
005 20231031003238.0
035 |a (RuTPU)RU\TPU\book\37533 
090 |a 36986 
100 |a 20011218d1993 k y0rusy50 ca 
101 0 |a rus 
102 |a RU 
105 |a y z 000zy 
200 0 |a Вып. 133 
210 |d 1993 
215 |a 112 с. 
320 |a Библиогр. в конце глав. 
461 1 |0 (RuTPU)RU\TPU\book\165548  |t Библиотековедение и библиография за рубежом  |o сборник  |f Государственная библиотека СССР им. В.И. Ленина  |v Вып. 133  |d 1958-1994 
610 1 |a библиотековедение 
610 1 |a библиография 
610 1 |a образование 
610 1 |a автоматизация 
610 1 |a социология 
610 1 |a история 
686 |a Ч734(4/8)  |v LBC/SL-A  |2 rubbk 
712 0 2 |a Российская государственная библиотека (РГБ)  |2 stltpush  |3 (RuTPU)RU\TPU\col\381 
801 1 |a RU  |b 63413507  |c 20011218  |g PSBO 
801 2 |a RU  |b 63413507  |c 20231006  |g PSBO 
942 |c BK